Guess The Country #3 - Statistics

General Stats
  • This quiz has been taken 27 times
  • The average score is 9 of 15
Answer Stats
Hint Answer % Correct
Mt. Everest Nepal
96%
Istanbul Turkey
96%
Ronaldo Portugal
92%
Mythology Greece
83%
Separated from China Taiwan
83%
Only other country to use the ruble than Russia Belarus
71%
Ceylon Sri Lanka
71%
Where a war took place in the 70's Vietnam
63%
Casinos (but not vegas) Monaco
58%
Country, not the pepper Chile
50%
Lion statues Singapore
42%
Islands in the pacific Philippines
29%
Green Cape Verde
13%
Roundest country on earth Liberia
8%
Where bananas come from Papua New Guinea
4%
No matching quizzes found
Score Distribution
Percent of People with Each Score
Percentile by Number Answered
Your Score History
You have not taken this quiz